000
00314nam a22001457a 4500
003
SGT
020
_a
9781119312529
082
_a
729
_b
MIT
100
_a
MITTON MAUREEN
245
_a
INTERIOR DESIGN VISUAL PRESENTATION
250
_a
5TH
260
_a
USA
_b
WIELY PUB
_c
2018
300
_a
320
942
_2
ddc
_c
BK
999
_c
32143
_d
32143